[Event "FIDE World Cup 2023"]
[Site "Baku AZE"]
[Date "2023.08.06"]
[Round "3.2"]
[White "Vachier-Lagrave, Maxime"]
[Black "Sindarov, Javokhir"]
[Result "0-1"]
[WhiteTitle "GM"]
[BlackTitle "GM"]
[WhiteElo "2739"]
[BlackElo "2659"]
[WhiteFideId "623539"]
[BlackFideId "14205483"]
[EventDate "2023.07.30"]
[EventType "k.o."]

1. e4 e5 2. Nf3 Nc6 3. Bb5 a6 4. Ba4 Nf6 5. O-O Bc5 6. c3 b5 7. Bc2 d5 8. a4
dxe4 9. axb5 exf3 10. Qxf3 e4 11. Bxe4 Ne5 12. Qe2 O-O 13. d4 Bg4 14. Qc2 Nxe4
15. Qxe4 Bd7 16. bxa6 Bb5 17. Qxe5 Bxf1 18. Kxf1 Ba7 19. Nd2 c5 20. Nf3 cxd4 21.
cxd4 Re8 22. Qf5 Bxd4 23. Ng5 h6 24. Qh7+ Kf8 25. Nf3 Qb6 26. Nxd4 Rxa6 27. g3
Qb7 28. Qh8+ Ke7 29. Qxg7 Rxa1 30. Nf5+ Ke6 31. Nd4+ Kd5 32. Nf3 Rxc1+ 33. Kg2
Rc4 34. Qxh6 Re6 0-1

[Event "FIDE World Cup 2023"]
[Site "Baku AZE"]
[Date "2023.08.06"]
[Round "3.2"]
[White "Guseinov, Gadir"]
[Black "Dominguez Perez, Leinier"]
[Result "1/2-1/2"]
[WhiteTitle "GM"]
[BlackTitle "GM"]
[WhiteElo "2661"]
[BlackElo "2739"]
[WhiteFideId "13401378"]
[BlackFideId "3503240"]
[EventDate "2023.07.30"]
[EventType "k.o."]

1. e4 e5 2. Nf3 Nc6 3. Bb5 Nf6 4. O-O Nxe4 5. Re1 Nd6 6. Nxe5 Be7 7. Bf1 Nxe5 8.
Rxe5 O-O 9. d4 Bf6 10. Re1 Re8 11. c3 Rxe1 12. Qxe1 Qe7 13. Qxe7 Bxe7 14. Bf4 g5
15. Bxd6 Bxd6 16. Bd3 Bf8 17. Nd2 d5 18. Re1 Be6 19. h4 gxh4 20. Nf3 Re8 21. Bf5
Bh6 22. Kf1 Kf8 23. Nxh4 Bg5 24. Bxe6 Bxh4 25. Bxd5 Rxe1+ 26. Kxe1 b6 27. Ke2
Bg5 28. Kd3 h5 29. g3 h4 30. f4 Bh6 31. gxh4 Bxf4 32. h5 Kg7 33. Bf3 f5 34. b4
Bg3 35. c4 Be1 36. a3 a5 37. b5 Bf2 38. c5 bxc5 39. d5 Bg3 40. Kc4 Bd6 41. a4
Kh6 42. b6 cxb6 43. Kb5 f4 44. Be2 Be7 45. Bd1 Kg5 46. Bf3 Kh6 47. Be2 Kg5 48.
Kxb6 c4 49. Bxc4 Bd8+ 50. Kb7 Kxh5 51. d6 Kg5 52. Kc8 Bb6 53. d7 Kf6 54. d8=Q+
Bxd8 55. Kxd8 Ke5 56. Kc7 Kd4 57. Bb5 Kc5 58. Kb7 f3 59. Ka6 Kb4 60. Kb6 f2 61.
Ka6 f1=Q 62. Bxf1 Kxa4 63. Bb5+ Ka3 64. Kxa5 1/2-1/2

[Event "FIDE World Cup 2023"]
[Site "Baku AZE"]
[Date "2023.08.06"]
[Round "3.2"]
[White "Daneshvar, Bardiya"]
[Black "Salem, A.R. Saleh"]
[Result "1-0"]
[WhiteTitle "GM"]
[BlackTitle "GM"]
[WhiteElo "2577"]
[BlackElo "2661"]
[WhiteFideId "12576468"]
[BlackFideId "9301348"]
[EventDate "2023.07.30"]
[EventType "k.o."]

1. d4 Nf6 2. c4 g6 3. g3 c6 4. Bg2 d5 5. Nf3 Bg7 6. O-O O-O 7. Nbd2 a5 8. b3 Bf5
9. Bb2 a4 10. a3 Ne4 11. b4 Nd7 12. Rc1 Bh6 13. e3 Bg4 14. Qc2 Bf5 15. Qd1 Bg4
16. h3 Nxd2 17. Qxd2 Bxf3 18. Bxf3 e6 19. b5 Nb6 20. bxc6 bxc6 21. c5 Nd7 22.
Rb1 Bg7 23. Bg2 Qc7 24. Bc3 e5 25. Qc2 exd4 26. Bxd4 Bxd4 27. exd4 Rfb8 28.
Rxb8+ Qxb8 29. Rb1 Qe8 30. Bf3 Nf8 31. Qe2 Qd7 32. h4 Re8 33. Qc2 Ra8 34. Rb4
Qe7 35. Qe2 Qf6 36. Qe3 Ne6 37. Bd1 Re8 38. Bxa4 Ng7 39. Qd2 Nf5 40. Bc2 Kg7 41.
Qf4 Re1+ 42. Kg2 h6 43. h5 Re2 44. Bxf5 gxf5 45. Rb8 Qe6 46. Rb3 Qe4+ 47. Rf3
Qxf4 48. Rxf4 Ra2 49. Rxf5 Rxa3 50. Rf3 Ra2 51. Rf4 Re2 52. Kf3 Re1 53. Rg4+ Kf8
54. Kf4 Re2 55. f3 Re1 56. Rh4 Ke7 57. Rh2 Rd1 58. Ke3 Rg1 59. Ra2 Re1+ 60. Kd2
Re6 61. Ra7+ Ke8 62. g4 Rf6 63. Ke3 Re6+ 64. Kf2 Rf6 65. Kg3 Re6 66. Rc7 Kf8 67.
Rc8+ Kg7 68. Kf2 Kf6 69. Rc7 Kg7 70. Rd7 Re8 71. Rd6 Rc8 72. Ke3 Rc7 73. Kf4 Rc8
74. Kf5 Rc7 75. f4 Re7 76. Rxc6 Re4 77. g5 hxg5 78. fxg5 Rxd4 79. h6+ 1-0

[Event "FIDE World Cup 2023"]
[Site "Baku AZE"]
[Date "2023.08.06"]
[Round "3.2"]
[White "Bacrot, Etienne"]
[Black "Yu, Yangyi"]
[Result "1/2-1/2"]
[WhiteTitle "GM"]
[BlackTitle "GM"]
[WhiteElo "2662"]
[BlackElo "2735"]
[WhiteFideId "605506"]
[BlackFideId "8603820"]
[EventDate "2023.07.30"]
[EventType "k.o."]

1. e4 e5 2. Nf3 Nf6 3. Nxe5 d6 4. Nf3 Nxe4 5. d4 d5 6. Bd3 Nc6 7. O-O Be7 8.
Nbd2 Nd6 9. c3 Bf5 10. Nb3 Bxd3 11. Qxd3 O-O 12. Bf4 Nc4 13. Nbd2 Nxd2 14. Qxd2
Qd7 15. Rfe1 Rae8 16. Re2 Bd8 17. Rae1 f6 18. Rxe8 Rxe8 19. Rxe8+ Qxe8 20. Qe3
Qxe3 21. Bxe3 Ne7 22. Ne1 Nf5 23. Bc1 Kf7 24. Nd3 Be7 25. f3 Bd6 26. Bf4 Bxf4
27. Nxf4 c6 28. Kf2 Nd6 29. Nd3 Ke6 30. Ke2 Ke7 1/2-1/2

[Event "FIDE World Cup 2023"]
[Site "Baku AZE"]
[Date "2023.08.06"]
[Round "3.2"]
[White "Duda, Jan-Krzysztof"]
[Black "Cheparinov, Ivan"]
[Result "1/2-1/2"]
[WhiteTitle "GM"]
[BlackTitle "GM"]
[WhiteElo "2732"]
[BlackElo "2663"]
[WhiteFideId "1170546"]
[BlackFideId "2905540"]
[EventDate "2023.07.30"]
[EventType "k.o."]

1. Nf3 d5 2. c4 d4 3. b4 c5 4. Bb2 Nf6 5. g3 Qc7 6. Bg2 e5 7. O-O Nc6 8. b5 Ne7
9. e3 Ng6 10. d3 Be7 11. Qe2 O-O 12. Nbd2 h6 13. a4 Bf5 14. a5 Rad8 15. Ra3 Rfe8
16. e4 Be6 17. Rb1 Qd7 18. Kf1 Bh3 19. Bxh3 Qxh3+ 20. Ke1 Nh7 21. Qf1 Qxf1+ 22.
Kxf1 h5 23. Nb3 Nhf8 24. Raa1 Ne6 25. Ke2 Bd6 26. Rg1 f6 27. a6 b6 28. Raf1 Kf7
29. Bc1 Rh8 30. Bd2 h4 1/2-1/2

[Event "FIDE World Cup 2023"]
[Site "Baku AZE"]
[Date "2023.08.06"]
[Round "3.2"]
[White "Ponomariov, Ruslan"]
[Black "Le, Quang Liem"]
[Result "1/2-1/2"]
[WhiteTitle "GM"]
[BlackTitle "GM"]
[WhiteElo "2664"]
[BlackElo "2728"]
[WhiteFideId "14103320"]
[BlackFideId "12401137"]
[EventDate "2023.07.30"]
[EventType "k.o."]

1. e4 e5 2. Nf3 Nc6 3. Bb5 Nf6 4. d3 Bc5 5. Bg5 h6 6. Bh4 d6 7. c3 O-O 8. Nbd2
Bd7 9. O-O a6 10. Ba4 Ba7 11. Re1 Kh8 12. Nf1 g5 13. Bg3 Nh7 14. Ne3 h5 15. h3
Bxe3 16. Rxe3 f6 17. d4 Qe8 18. Bb3 Rd8 19. h4 g4 20. Nh2 Qg6 21. Nf1 Na5 22.
Qd3 Nxb3 23. axb3 Rf7 24. Rae1 Re8 25. Kh2 Qh6 26. R3e2 Be6 27. c4 Nf8 28. Ne3
Ng6 29. Nd5 Qg7 30. Ne3 Qh7 31. Nd5 Qg7 32. Ne3 Qh7 33. Nd5 1/2-1/2

[Event "FIDE World Cup 2023"]
[Site "Baku AZE"]
[Date "2023.08.06"]
[Round "3.2"]
[White "Vidit, Santosh Gujrathi"]
[Black "Bluebaum, Matthias"]
[Result "1/2-1/2"]
[WhiteTitle "GM"]
[BlackTitle "GM"]
[WhiteElo "2719"]
[BlackElo "2672"]
[WhiteFideId "5029465"]
[BlackFideId "24651516"]
[EventDate "2023.07.30"]
[EventType "k.o."]

1. d4 d5 2. c4 e6 3. Nc3 Nf6 4. cxd5 exd5 5. Bg5 Be7 6. e3 O-O 7. Bd3 Re8 8. Nf3
h6 9. Bf4 c5 10. O-O Nc6 11. Nb5 c4 12. Bc2 Rf8 13. Nc7 Rb8 14. Nb5 Ra8 15. Nc7
Rb8 16. Nb5 Ra8 1/2-1/2

[Event "FIDE World Cup 2023"]
[Site "Baku AZE"]
[Date "2023.08.06"]
[Round "3.2"]
[White "Vitiugov, Nikita"]
[Black "Berkes, Ferenc"]
[Result "1/2-1/2"]
[WhiteTitle "GM"]
[BlackTitle "GM"]
[WhiteElo "2720"]
[BlackElo "2615"]
[WhiteFideId "4152956"]
[BlackFideId "718572"]
[EventDate "2023.07.30"]
[EventType "k.o."]

1. e4 e6 2. d4 d5 3. e5 c5 4. c3 Nc6 5. Nf3 Qb6 6. a3 Bd7 7. b4 cxd4 8. cxd4 Rc8
9. Be3 Nh6 10. Bd3 Ng4 11. O-O Be7 12. Nbd2 Nxe3 13. fxe3 O-O 14. Nb3 Nb8 15.
Qe2 a6 16. Nc5 Bb5 17. Bxb5 axb5 18. Rac1 Qc6 19. Rc3 Nd7 20. Na4 Qa6 21. Nc5
Qc6 22. Na4 Qa6 23. Nc5 Qc6 1/2-1/2

[Event "FIDE World Cup 2023"]
[Site "Baku AZE"]
[Date "2023.08.06"]
[Round "3.2"]
[White "Korobov, Anton"]
[Black "Sanal, Vahap"]
[Result "1/2-1/2"]
[WhiteTitle "GM"]
[BlackTitle "GM"]
[WhiteElo "2667"]
[BlackElo "2585"]
[WhiteFideId "14105730"]
[BlackFideId "6300545"]
[EventDate "2023.07.30"]
[EventType "k.o."]

1. d4 d5 2. c4 c6 3. Nf3 Nf6 4. Nc3 e6 5. Bg5 Be7 6. e3 h6 7. Bh4 O-O 8. Bd3 c5
9. dxc5 dxc4 10. Bxc4 Qxd1+ 11. Rxd1 Nbd7 12. Ke2 Nxc5 13. Rd4 Rd8 14. Rxd8+
Bxd8 15. Rd1 Bd7 16. Ne5 Be8 17. Ng4 Ncd7 18. Nxf6+ Bxf6 19. Bxf6 Nxf6 20. Bb5
Kf8 21. Bxe8 Kxe8 22. Rd4 Rc8 23. Ra4 a6 24. Rb4 b5 25. a4 bxa4 26. Rxa4 Rb8 27.
Rxa6 Rxb2+ 28. Kf3 Rb7 29. Ne4 Nxe4 30. Kxe4 Ke7 31. Kf3 Kf6 1/2-1/2

[Event "FIDE World Cup 2023"]
[Site "Baku AZE"]
[Date "2023.08.06"]
[Round "3.2"]
[White "Schitco, Ivan"]
[Black "Wojtaszek, Radoslaw"]
[Result "0-1"]
[WhiteTitle "GM"]
[BlackTitle "GM"]
[WhiteElo "2507"]
[BlackElo "2676"]
[WhiteFideId "13905465"]
[BlackFideId "1118358"]
[EventDate "2023.07.30"]
[EventType "k.o."]

1. c4 e6 2. g3 d5 3. Bg2 d4 4. Nf3 c5 5. e3 Nc6 6. exd4 cxd4 7. O-O Nf6 8. Re1
Bd6 9. d3 h6 10. b3 O-O 11. Ba3 Re8 12. c5 Bc7 13. Nbd2 e5 14. Qc2 Bf5 15. Nh4
Be6 16. Nc4 Bd5 17. Nf5 Bxg2 18. Kxg2 Qd5+ 19. f3 Qd7 20. Nfd6 Bxd6 21. Nxd6 Re6
22. Qc4 Ne7 23. Qa4 Qc7 24. Nb5 Qb8 25. f4 Nf5 26. fxe5 Rxe5 27. Nd6 b5 28. Qa6
Ne3+ 29. Kg1 b4 30. Bb2 Rxc5 31. Nxf7 Rd5 32. Nxh6+ Kh7 33. Nf7 Kg6 34. Bxd4
Rxd4 35. Qe6 Ng4 36. Re5 Qb6 37. Rg5+ Kh7 38. Rh5+ Nxh5 39. Ng5+ Kh8 40. Nf7+
Kg8 41. Nd6+ Kh7 42. Qf5+ g6 0-1

[Event "FIDE World Cup 2023"]
[Site "Baku AZE"]
[Date "2023.08.06"]
[Round "3.2"]
[White "Wang, Hao"]
[Black "Howell, David W L"]
[Result "1/2-1/2"]
[WhiteTitle "GM"]
[BlackTitle "GM"]
[WhiteElo "2709"]
[BlackElo "2677"]
[WhiteFideId "8602883"]
[BlackFideId "410608"]
[EventDate "2023.07.30"]
[EventType "k.o."]

1. e4 e5 2. Nf3 Nc6 3. Bb5 Nf6 4. O-O Nxe4 5. Re1 Nd6 6. Nxe5 Be7 7. Bf1 Nxe5 8.
Rxe5 O-O 9. d4 Bf6 10. Re1 Nf5 11. c3 d5 12. Bf4 c6 13. Nd2 Nh4 14. h3 Bd7 15.
Bd3 Re8 16. Qc2 g6 17. Rxe8+ Qxe8 18. g3 Nf5 19. Nf3 Ng7 20. Re1 Qc8 21. h4 Bf5
22. Bg5 Bxg5 23. hxg5 Bxd3 24. Qxd3 Qf5 25. Qxf5 Nxf5 26. g4 Nd6 27. Re7 Rd8 28.
Ne5 Kf8 29. Rc7 Ke8 30. f3 Rc8 31. Rd7 1/2-1/2

[Event "FIDE World Cup 2023"]
[Site "Baku AZE"]
[Date "2023.08.06"]
[Round "3.2"]
[White "Esipenko, Andrey"]
[Black "Vallejo Pons, Francisco"]
[Result "1/2-1/2"]
[WhiteTitle "GM"]
[BlackTitle "GM"]
[WhiteElo "2683"]
[BlackElo "2706"]
[WhiteFideId "24175439"]
[BlackFideId "2205530"]
[EventDate "2023.07.30"]
[EventType "k.o."]

1. e4 c5 2. Nf3 e6 3. d4 cxd4 4. Nxd4 Nf6 5. Nc3 Nc6 6. Qd3 d5 7. exd5 Nb4 8.
Qg3 Bc5 9. a3 Nbxd5 10. Nxd5 Qxd5 11. Nb5 O-O 12. Nc3 Qd6 13. Bd3 Qxg3 14. hxg3
h6 15. f3 Nd7 16. Bd2 Ne5 17. Be2 b6 18. Ne4 Be7 19. Bc3 Ng6 20. O-O-O Bb7 21.
Nd6 Bc6 22. Ba6 Rfd8 23. Bb4 Bf6 24. Nb5 Rxd1+ 25. Rxd1 h5 26. Nd4 Be8 27. Ne2
Bc6 28. Bc3 Bg5+ 29. Bd2 Bf6 30. Bc3 Bg5+ 31. Bd2 1/2-1/2

[Event "FIDE World Cup 2023"]
[Site "Baku AZE"]
[Date "2023.08.06"]
[Round "3.2"]
[White "Amin, Bassem"]
[Black "Grandelius, Nils"]
[Result "1/2-1/2"]
[WhiteTitle "GM"]
[BlackTitle "GM"]
[WhiteElo "2694"]
[BlackElo "2684"]
[WhiteFideId "10601457"]
[BlackFideId "1710400"]
[EventDate "2023.07.30"]
[EventType "k.o."]

1. Nf3 d5 2. g3 g6 3. Bg2 Bg7 4. d4 Nf6 5. O-O O-O 6. c4 c6 7. a4 a5 8. cxd5
Nxd5 9. e4 Nb4 10. Be3 Bg4 11. Nbd2 e5 12. dxe5 Nd7 13. Nc4 Bxf3 14. Qxf3 b5 15.
axb5 cxb5 16. Na3 Nxe5 17. Qe2 Qd3 18. Qxd3 Nexd3 19. e5 Rae8 20. Nxb5 Nc2 21.
Nd6 Rxe5 22. Nc4 Nxa1 23. Nxe5 Bxe5 24. Rxa1 Nxb2 25. Rxa5 Nc4 26. Rc5 Nxe3 27.
Rxe5 Nxg2 28. Kxg2 h5 29. h4 Kg7 30. Ra5 Re8 1/2-1/2

[Event "FIDE World Cup 2023"]
[Site "Baku AZE"]
[Date "2023.08.06"]
[Round "3.2"]
[White "Navara, David"]
[Black "Praggnanandhaa, R"]
[Result "1/2-1/2"]
[WhiteTitle "GM"]
[BlackTitle "GM"]
[WhiteElo "2689"]
[BlackElo "2690"]
[WhiteFideId "309095"]
[BlackFideId "25059530"]
[EventDate "2023.07.30"]
[EventType "k.o."]

1. e4 e5 2. Nf3 Nc6 3. Bc4 Bc5 4. c3 Nf6 5. d3 a6 6. Bg5 h6 7. Bh4 d6 8. a4 Ba7
9. Nbd2 Qe7 10. O-O g5 11. Bg3 Nd7 12. b4 Nf8 13. b5 Na5 14. Bd5 h5 15. h4 g4
16. Ne1 Ng6 17. d4 Nxh4 18. f4 exd4 19. cxd4 c6 20. bxc6 bxc6 21. Ba2 d5 22. f5
Bxd4+ 23. Kh1 Be5 24. Bxe5 Qxe5 25. Nd3 Qf6 26. exd5 Nxf5 27. Qe1+ Qe7 28. Rxf5
Bxf5 29. Qf2 Qg5 30. Re1+ Kf8 31. d6 Rh6 32. Ne4 g3 33. Nxg3 Rf6 34. Nc5 Bg6 35.
Qd4 Rd8 36. d7 Qf4 37. Qc3 Nb7 38. Nce4 Bxe4 39. Rxe4 Qg5 40. Re5 Qh4+ 41. Kg1
Rxd7 42. Qe1 Qd4+ 43. Kh2 Nd6 44. Rxh5 Rf4 45. Kh3 Re7 46. Qa5 Ne4 47. Nf5 Nf2+
48. Kh2 Ng4+ 49. Kh3 Nf2+ 50. Kh2 Ng4+ 51. Kh3 Qd3+ 52. Ng3 Nf2+ 53. Kh2 Ng4+
54. Kh3 Re3 55. Qc5+ Kg7 56. Qg5+ Qg6 57. Kh4 Nf6+ 58. Qxf4 Qxg3+ 59. Qxg3+ Rxg3
60. Kxg3 Nxh5+ 61. Kg4 Nf6+ 62. Kf5 Nd7 63. a5 Nc5 64. Bc4 Nb7 65. Bxa6 Nxa5 66.
Ke5 Nb3 67. Kd6 Nd4 68. Kc5 Ne6+ 69. Kxc6 1/2-1/2

[Event "FIDE World Cup 2023"]
[Site "Baku AZE"]
[Date "2023.08.06"]
[Round "3.2"]
[White "Gadimbayli, Abdulla"]
[Black "Robson, Ray"]
[Result "0-1"]
[WhiteTitle "GM"]
[BlackTitle "GM"]
[WhiteElo "2483"]
[BlackElo "2689"]
[WhiteFideId "13404938"]
[BlackFideId "2023970"]
[EventDate "2023.07.30"]
[EventType "k.o."]

1. e4 e5 2. Nf3 Nc6 3. Bb5 Nf6 4. O-O Nxe4 5. Re1 Nd6 6. a4 Be7 7. Nc3 a6 8. Bf1
e4 9. Nxe4 Nxe4 10. Rxe4 d5 11. Re1 Bg4 12. c3 d4 13. h3 Bh5 14. g4 Bg6 15. Nxd4
Nxd4 16. cxd4 O-O 17. Bg2 Bb4 18. d5 f5 19. Re5 Qf6 20. d4 fxg4 21. Qe2 gxh3 22.
Bxh3 Qh4 23. Bg4 Rxf2 24. Be6+ Rf7 25. Be3 Bd6 26. Rg5 Be4 27. Bxf7+ Kxf7 28.
Qh5+ Qxh5 29. Rxh5 h6 30. Rf1+ Kg6 31. Rh3 Bxd5 32. Bf4 Rd8 33. Be5 Rd7 34. Rg3+
Kh7 35. Rf5 Be6 36. Rf2 Bb4 37. Rfg2 g5 38. Rh2 Kg6 39. Rf2 Be7 40. Re3 Bd5 41.
Rfe2 Bd8 42. b4 g4 43. Bf4 h5 44. Re8 h4 45. Rh8 Bf6 46. Rh6+ Kf5 47. Rxf6+ Kxf6
48. Re5 h3 49. a5 b6 50. Kh2 bxa5 51. bxa5 c6 52. Kg3 Bf3 53. Re1 Rb7 0-1

[Event "FIDE World Cup 2023"]
[Site "Baku AZE"]
[Date "2023.08.06"]
[Round "3.2"]
[White "Nihal, Sarin"]
[Black "Deac, Bogdan-Daniel"]
[Result "1/2-1/2"]
[WhiteTitle "GM"]
[BlackTitle "GM"]
[WhiteElo "2688"]
[BlackElo "2693"]
[WhiteFideId "25092340"]
[BlackFideId "1226380"]
[EventDate "2023.07.30"]
[EventType "k.o."]

1. e4 e5 2. Nf3 Nc6 3. Bc4 Bc5 4. O-O Nf6 5. d3 d6 6. c3 a5 7. Re1 Ba7 8. Na3
O-O 9. h3 Ne7 10. d4 Ng6 11. Bf1 c6 12. dxe5 dxe5 13. Qxd8 Rxd8 14. Nc4 a4 15.
g3 h6 16. Kg2 Re8 17. Nd6 Rd8 18. Nxc8 Raxc8 19. b3 axb3 20. axb3 Ra8 21. Bb2
Bb6 22. Rxa8 Rxa8 23. Bd3 Ra2 24. Re2 Bc7 25. b4 b5 26. Rc2 Bd6 27. Bc1 Ra8 28.
Kf1 Nf8 29. Be3 Ne6 30. Ke2 Ra4 31. Nd2 Ra3 32. Nf3 Ra4 33. Nd2 Ra3 34. Nf3 1/2-1/2

[Event "FIDE World Cup 2023"]
[Site "Baku AZE"]
[Date "2023.08.06"]
[Round "3.2"]
[White "Van Foreest, Jorden"]
[Black "Svidler, Peter"]
[Result "1-0"]
[WhiteTitle "GM"]
[BlackTitle "GM"]
[WhiteElo "2693"]
[BlackElo "2688"]
[WhiteFideId "1039784"]
[BlackFideId "4102142"]
[EventDate "2023.07.30"]
[EventType "k.o."]

1. d4 d5 2. c4 c6 3. Nf3 Nf6 4. e3 a6 5. Nbd2 Bf5 6. b4 Nbd7 7. a4 g6 8. Bb2 Bg7
9. Be2 O-O 10. O-O Ne4 11. Nxe4 Bxe4 12. Nd2 Bf5 13. Nb3 dxc4 14. Bxc4 e5 15.
Re1 Be4 16. Nd2 Bd5 17. e4 Bxc4 18. Nxc4 exd4 19. Bxd4 b5 20. axb5 cxb5 21. Bxg7
Kxg7 22. Qd4+ f6 23. Nd6 Ne5 24. f4 Nc4 25. e5 Nxd6 26. exd6 Rf7 27. h3 a5 28.
Rad1 Qd7 29. bxa5 Rxa5 30. Kh2 Ra7 31. Re3 Rb7 32. Rde1 Qc6 33. Re7 Rd7 34. Rxd7
Qxd7 35. Rd1 Rf8 36. Rc1 Rf7 37. Rc7 Qd8 38. Qa7 1-0

[Event "FIDE World Cup 2023"]
[Site "Baku AZE"]
[Date "2023.08.06"]
[Round "3.2"]
[White "Sarana, Alexey"]
[Black "Shevchenko, Kirill"]
[Result "1-0"]
[WhiteTitle "GM"]
[BlackTitle "GM"]
[WhiteElo "2685"]
[BlackElo "2694"]
[WhiteFideId "24133795"]
[BlackFideId "14129574"]
[EventDate "2023.07.30"]
[EventType "k.o."]

1. d4 Nf6 2. c4 g6 3. Nc3 d5 4. Bg5 Bg7 5. Bxf6 Bxf6 6. cxd5 c5 7. Nf3 cxd4 8.
Nxd4 Qb6 9. Nb3 a5 10. e3 a4 11. Bb5+ Bd7 12. Nd4 Bxd4 13. Qxd4 Qxd4 14. exd4
Bxb5 15. Nxb5 Ra5 16. Nc3 Na6 17. Kd2 Kd7 18. b4 Nxb4 19. Rab1 Nxd5 20. Rxb7+
Nc7 21. Rhb1 Rc8 22. Nb5 a3 23. Na7 Rxa7 24. Rxa7 Kc6 25. Rxa3 Rd8 26. Rc3+ 1-0

[Event "FIDE World Cup 2023"]
[Site "Baku AZE"]
[Date "2023.08.07"]
[Round "3.3"]
[White "Yilmaz, Mustafa"]
[Black "Caruana, Fabiano"]
[Result "0-1"]
[WhiteTitle "GM"]
[BlackTitle "GM"]
[WhiteElo "2639"]
[BlackElo "2782"]
[WhiteFideId "6302718"]
[BlackFideId "2020009"]
[EventDate "2023.07.30"]
[EventType "k.o."]

1. d4 Nf6 2. c4 e6 3. Nf3 d5 4. Nc3 Nbd7 5. cxd5 exd5 6. Bg5 Bb4 7. Qc2 h6 8.
Bh4 g5 9. Bg3 Ne4 10. Nd2 Nxg3 11. hxg3 Nb6 12. a3 Bf8 13. e3 Be6 14. Bd3 c6 15.
Rb1 a5 16. b4 axb4 17. axb4 Rc8 18. O-O Be7 19. Nf3 Bf6 20. Ne5 Bxe5 21. dxe5 g4
22. Na4 Nxa4 23. Qxa4 h5 24. Qa7 h4 25. Qd4 Qg5 26. Qf4 Qh5 27. Rfd1 Ra8 28. Rd2
Ra3 29. Rbd1 Rxd3 30. Rxd3 h3 31. f3 hxg2 32. Kf2 gxf3 33. Rg1 Qg6 34. Rd2 Rh5
35. Qf6 Qe4 36. b5 cxb5 37. g4 Qxg4 38. Ra2 Kd7 39. Ra8 Qh4+ 40. Qxh4 Rxh4 41.
Kxf3 d4 42. e4 d3 43. Rxg2 Rh3+ 44. Kf4 Kc6 45. Rg1 b4 46. Rc1+ Kb5 47. Rb8 b6
48. Rc7 b3 49. Rcb7 Kb4 50. Rxb6+ Kc3 51. Rc6+ Kd2 52. Rg8 Rh2 53. Kf3 b2 54.
Rb6 Kc2 55. Rc6+ Kd2 56. Rb6 Kc3 57. Rc6+ Bc4 58. Rb8 d2 59. Rd6 Rh3+ 60. Kf4
Rd3 0-1

[Event "FIDE World Cup 2023"]
[Site "Baku AZE"]
[Date "2023.08.07"]
[Round "3.3"]
[White "Mamedov, Rauf"]
[Black "Nepomniachtchi, Ian"]
[Result "0-1"]
[WhiteTitle "GM"]
[BlackTitle "GM"]
[WhiteElo "2636"]
[BlackElo "2779"]
[WhiteFideId "13401653"]
[BlackFideId "4168119"]
[EventDate "2023.07.30"]
[EventType "k.o."]

1. e4 c5 2. Nf3 e6 3. c3 d5 4. exd5 Qxd5 5. d4 Nf6 6. Na3 a6 7. Nc4 Nbd7 8. Be2
b5 9. Na5 Bd6 10. c4 bxc4 11. Nxc4 O-O 12. O-O Bb7 13. Nxd6 Qxd6 14. dxc5 Qxc5
15. Be3 Qe7 16. Qa4 h6 17. Rac1 Nd5 18. Bd2 a5 19. Rfe1 Rfb8 20. Bb5 N5f6 21.
Nd4 Qd6 22. Bxd7 Nxd7 23. Nb3 Qd5 24. f3 Ne5 25. Re3 Nd3 26. Rc7 Ba6 27. Qg4 a4
28. Bc3 Qg5 29. Qxg5 hxg5 30. Nc5 Nxb2 31. Re5 Nd1 32. Bd4 Rb1 33. Rxg5 Nc3+ 34.
Kf2 Rf1+ 35. Kg3 Ne2+ 36. Kh3 Nxd4 37. Rd7 Nf5 0-1

[Event "FIDE World Cup 2023"]
[Site "Baku AZE"]
[Date "2023.08.07"]
[Round "3.3"]
[White "Giri, Anish"]
[Black "Abasov, Nijat"]
[Result "1-0"]
[WhiteTitle "GM"]
[BlackTitle "GM"]
[WhiteElo "2775"]
[BlackElo "2632"]
[WhiteFideId "24116068"]
[BlackFideId "13402960"]
[EventDate "2023.07.30"]
[EventType "k.o."]

1. Nf3 c5 2. c4 Nc6 3. Nc3 Nf6 4. g3 d5 5. cxd5 Nxd5 6. Bg2 Nc7 7. O-O e5 8. a3
Rb8 9. Rb1 f6 10. d3 Be6 11. Be3 Qd7 12. Rc1 Be7 13. Ne4 b6 14. b4 Nd5 15. bxc5
Nxe3 16. fxe3 O-O 17. cxb6 axb6 18. Rc3 Rfc8 19. d4 exd4 20. exd4 Na5 21. d5
Qxd5 22. Nd4 Rxc3 23. Nxc3 Qxd4+ 24. Qxd4 Bc5 25. e3 Bxd4 26. exd4 Rc8 27. Re1
Rxc3 28. Rxe6 Rc1+ 29. Kf2 Rc2+ 30. Re2 Rxe2+ 31. Kxe2 Kf8 32. Kd3 Ke7 33. Kc3
Kd6 34. Kb4 Nc6+ 35. Kb5 Nxd4+ 36. Kxb6 f5 37. a4 Nb3 38. Kb5 g5 39. Kc4 Nc5 40.
a5 h5 41. h4 g4 42. Bd5 Nd7 43. Kd4 Nc5 44. Bf7 f4 45. gxf4 g3 46. Ke3 Nd3 1-0

[Event "FIDE World Cup 2023"]
[Site "Baku AZE"]
[Date "2023.08.07"]
[Round "3.3"]
[White "So, Wesley"]
[Black "Moussard, Jules"]
[Result "1/2-1/2"]
[WhiteTitle "GM"]
[BlackTitle "GM"]
[WhiteElo "2769"]
[BlackElo "2654"]
[WhiteFideId "5202213"]
[BlackFideId "642908"]
[EventDate "2023.07.30"]
[EventType "k.o."]

1. b3 e5 2. Bb2 Nc6 3. e3 d5 4. Bb5 Ne7 5. Bxe5 a6 6. Bxc6+ Nxc6 7. Bg3 h5 8. h4
d4 9. Ne2 Bd6 10. d3 dxe3 11. fxe3 Bg4 12. Bxd6 Qxd6 13. Nbc3 O-O-O 14. Qd2 Rhe8
15. O-O-O Qe5 16. Rde1 Qxe3 17. Qxe3 Rxe3 18. Nf4 Ree8 19. Ncd5 Nd4 20. Ne3 Ne2+
21. Nxe2 Rxe3 22. Nf4 Rde8 23. Rxe3 Rxe3 24. Kd2 Re5 25. b4 a5 26. a3 Kd7 27. c4
axb4 28. axb4 Rf5 29. Ke3 Re5+ 30. Kd4 Rf5 31. Ke4 b6 32. Ra1 g5 33. hxg5 Rxg5
34. Ra8 Bf5+ 35. Kd4 c5+ 36. bxc5 bxc5+ 37. Ke3 h4 38. Ra7+ Kd6 39. Rxf7 Rg3+
40. Kf2 Ke5 41. Ne2 Rxd3 42. Rc7 Kd6 43. Rf7 Ke5 44. Rc7 1/2-1/2

[Event "FIDE World Cup 2023"]
[Site "Baku AZE"]
[Date "2023.08.07"]
[Round "3.3"]
[White "Radjabov, Teimour"]
[Black "Santos Latasa, Jaime"]
[Result "0-1"]
[WhiteTitle "GM"]
[BlackTitle "GM"]
[WhiteElo "2747"]
[BlackElo "2656"]
[WhiteFideId "13400924"]
[BlackFideId "2293307"]
[EventDate "2023.07.30"]
[EventType "k.o."]

1. e4 e5 2. Nf3 Nc6 3. Bc4 Bc5 4. d3 Nf6 5. Nc3 h6 6. h3 a6 7. a4 d6 8. Be3 Bxe3
9. fxe3 Be6 10. Nd2 O-O 11. O-O Bxc4 12. Nxc4 d5 13. exd5 Nxd5 14. Qh5 Nxc3 15.
bxc3 Qd5 16. Rf3 b5 17. Rg3 Qe6 18. Nd2 Ne7 19. c4 bxc4 20. Nxc4 e4 21. Qa5 Nf5
22. Rg4 exd3 23. cxd3 Nxe3 24. Re1 Nxc4 25. Rxc4 Qd6 26. Qc3 Rfe8 27. Rxe8+ Rxe8
28. Rxc7 Re6 29. d4 Re4 30. Rc6 Qf4 31. Rxa6 Rxd4 32. Ra8+ Kh7 33. Qc2+ g6 34.
Rf8 0-1